| Tag |
First Indicator |
Second Indicator |
Subfields |
| LEADER |
00000nam a2200000 4500 |
| 001 |
in00004219921 |
| 005 |
20200807081817.0 |
| 006 |
m g d |
| 007 |
cr bn |||a|bb| |
| 008 |
920618s1624 enk o 00| | eng d |
| 035 |
|
|
|a (UnM)99853505
|
| 037 |
|
|
|a CL0036000028
|b ProQuest. 789 E. Eisenhower Parkway, Ann Arbor, MI 48108-3218
|
| 040 |
|
|
|a Cu-RivES
|c Cu-RivES
|d CStRLIN
|e dcrb
|d WaOLN
|
| 100 |
1 |
|
|a Taylor, John,
|d 1580-1653.
|
| 245 |
1 |
0 |
|a Taylors pastorall :
|b being both historicall and satyricall: or the noble antiquitie of shepheards, with the profitable vse of sheepe: with a small touch of a scabbed sheepe, and a caueat against that infection.
|
| 246 |
2 |
|
|a Taylors pastorall
|
| 246 |
2 |
|
|a Noble antiquitie of shepheards.
|
| 260 |
|
|
|a Printed at London :
|b By G[eorge] P[urslowe] for Henrie Gosson, and are to be sold at Edward Wrights shop neere Christs Church Gate,
|c 1624.
|
| 300 |
|
|
|a 1 online resource ([40] pages)
|
| 336 |
|
|
|a text
|b txt
|2 rdacontent
|
| 337 |
|
|
|a computer
|b c
|2 rdamedia
|
| 338 |
|
|
|a online resource
|b cr
|2 rdacarrier
|
| 500 |
|
|
|a Dedication signed: Iohn Taylor.
|
| 500 |
|
|
|a In verse.
|
| 500 |
|
|
|a Printer's name from STC.
|
| 500 |
|
|
|a Signatures: A-E⁴.
|
| 500 |
|
|
|a The first leaf is blank.
|
| 500 |
|
|
|a With a title-page woodcut.
|
| 500 |
|
|
|a Reproduction of the original in the Henry E. Huntington Library and Art Gallery.
|
| 510 |
4 |
|
|a STC (2nd edition)
|c 23801.
|
| 533 |
|
|
|a Electronic reproduction.
|b Ann Arbor, Mich. :
|c UMI,
|d 1999-
|f (Early English books online)
|n Digital version of: (Early English books, 1475-1640 ; 1036:24)
|7 s1999 miun s
|
| 650 |
|
0 |
|a Sheep
|z England
|v Poetry
|v Early works to 1800.
|
| 650 |
|
0 |
|a Wool
|z England
|v Poetry
|v Early works to 1800.
|
| 830 |
|
0 |
|a Early English books online.
|
| 856 |
4 |
0 |
|u http://proxy.library.tamu.edu/login?url=https://search.proquest.com/docview/2248573134
|z Connect to the full text of this electronic book
|t 0
|
| 999 |
f |
f |
|s 11ed33e0-0b56-3728-84be-32f688d5704c
|i 382a5a44-d32c-3acd-a36d-1ba961bec88c
|t 0
|
| 952 |
f |
f |
|a Texas A&M University
|b College Station
|c Electronic Resources
|d Available Online
|t 0
|h No information provided
|
| 998 |
f |
f |
|t 0
|l Available Online
|